[Event "XXI Festival A"]
[Site "Porto San Giorgio ITA"]
[Date "2009.08.27"]
[Round "7"]
[White "Malloni, Marcello"]
[Black "Mrdja, Milan"]
[Result "1-0"]
[WhiteElo "2271"]
[BlackElo "2418"]
[PlyCount "35"]
[EventDate "2009.08.21"]

1. e4 e6 2. d4 d5 3. e5 c5 4. c3 Nc6 5. Nf3 Qb6 6. a3 cxd4 7. cxd4 Bd7 8. Nc3
f6 9. Bd3 Nxd4 10. Nxd4 fxe5 11. Qh5+ Kd8 12. Qxe5 Nf6 13. Nf3 Bd6 14. Qg5 Rf8
15. O-O h6 16. Qxg7 Nh5 17. Qd4 Qxd4 18. Nxd4 1-0

[Event "XXI Festival A"]
[Site "Porto San Giorgio ITA"]
[Date "2009.08.27"]
[Round "7"]
[White "Mogranzini, Roberto"]
[Black "Ranieri, Fabrizio"]
[Result "1-0"]
[WhiteElo "2415"]
[BlackElo "2264"]
[PlyCount "75"]
[EventDate "2009.08.21"]

1. e4 e6 2. d4 d5 3. Nd2 Nf6 4. e5 Nfd7 5. Bd3 c5 6. c3 Nc6 7. Ne2 cxd4 8. cxd4
f6 9. Nf4 Nxd4 10. Qh5+ Ke7 11. exf6+ Nxf6 12. Ng6+ hxg6 13. Qxh8 Kf7 14. O-O
e5 15. Nb3 Nxb3 16. axb3 Bf5 17. Bxf5 gxf5 18. Bg5 Bc5 19. Qh3 Ke6 20. Rad1 Qb6
21. Bxf6 gxf6 22. Rd3 e4 23. Rg3 Rc8 24. Rc3 d4 25. Rc4 Qd8 26. Rfc1 Qd5 27. b4
b6 28. bxc5 d3 29. R4c3 b5 30. Rd1 b4 31. Rcc1 a5 32. Qe3 Ke5 33. g3 Rc6 34. h4
a4 35. h5 Qb3 36. h6 Qxb2 37. h7 Rc8 38. Rxd3 1-0

[Event "XXI Festival A"]
[Site "Porto San Giorgio ITA"]
[Date "2009.08.27"]
[Round "7"]
[White "Nemeth, Miklos"]
[Black "Fedorchuk, Sergey A."]
[Result "0-1"]
[WhiteElo "2486"]
[BlackElo "2655"]
[PlyCount "124"]
[EventDate "2009.08.21"]

1. e4 c5 2. Nf3 d6 3. Bc4 Nf6 4. d3 Nc6 5. c3 g6 6. O-O Bg7 7. h3 O-O 8. Bb3 e5
9. Nbd2 Be6 10. Re1 Ne8 11. Nc4 b5 12. Ne3 Nc7 13. a4 b4 14. a5 Rb8 15. Nc4
bxc3 16. bxc3 d5 17. Bg5 Qd7 18. exd5 Bxd5 19. Ba4 f6 20. Be3 Ne6 21. Nfd2 Qc7
22. Qc2 Ncd4 23. Qc1 Nf5 24. Bd1 Nh4 25. f3 f5 26. Nf1 e4 27. Ncd2 exf3 28.
Nxf3 Nxf3+ 29. Bxf3 Bxf3 30. gxf3 f4 31. Bf2 Ng5 32. Nh2 Qc8 33. Ra4 Nxh3+ 34.
Kg2 Nxf2 35. Kxf2 Qh3 36. Kg1 Rf5 37. Ra2 Bf6 38. Rg2 Bh4 39. Re4 Bg3 40. Ng4
Rbf8 41. Qd1 Rg5 42. Qb3+ Kh8 43. Qe6 Rh5 44. Nf2 Qxe6 45. Rxe6 Rb8 46. Re1 Re5
47. Rf1 Re3 48. Ne4 Rxd3 49. Nxc5 Rxc3 50. Ne4 Ra3 51. Nxg3 fxg3 52. Rxg3 Rxa5
53. Rg2 Kg7 54. Rd2 Rb7 55. Kf2 Rf5 56. Ra2 a5 57. Rd1 Rb3 58. Rd7+ Kh6 59. Kg1
Rfxf3 60. Rxa5 Rfd3 61. Rc7 Rb1+ 62. Kf2 Rb2+ 0-1

[Event "XXI Festival A"]
[Site "Porto San Giorgio ITA"]
[Date "2009.08.27"]
[Round "7"]
[White "Orsini, Daniele"]
[Black "Calavalle, Giulio"]
[Result "0-1"]
[WhiteElo "2003"]
[BlackElo "2228"]
[PlyCount "80"]
[EventDate "2009.08.21"]

1. e4 c5 2. Nf3 Nc6 3. d4 cxd4 4. Nxd4 Nf6 5. Nc3 e6 6. Ndb5 d6 7. Bf4 e5 8.
Bg5 a6 9. Bxf6 gxf6 10. Na3 b5 11. Nd5 Be6 12. c3 Bg7 13. Nc2 f5 14. exf5 Bxf5
15. Nce3 Be6 16. Bd3 O-O 17. O-O f5 18. a4 Rb8 19. axb5 axb5 20. Ra6 Ne7 21.
Bc2 Nc8 22. Qe2 Qh4 23. g3 Qd8 24. Rfa1 Nb6 25. Nxb6 Rxb6 26. Ra7 e4 27. Qh5
Qf6 28. Rc7 Qg6 29. Qxg6 hxg6 30. Raa7 Bf6 31. Rcb7 Rb8 32. Rc7 b4 33. Ng2 bxc3
34. bxc3 Rc8 35. Rh7 Rxc3 36. Nf4 Bc4 37. Rhc7 Rb8 38. Nxg6 Rxc2 39. h4 Rb1+
40. Kg2 Bf1+ 0-1

[Event "XXI Festival A"]
[Site "Porto San Giorgio ITA"]
[Date "2009.08.27"]
[Round "7"]
[White "Passerotti, Pierluigi"]
[Black "Roeder, Matthias"]
[Result "1-0"]
[WhiteElo "2302"]
[BlackElo "2438"]
[PlyCount "87"]
[EventDate "2009.08.21"]

1. d4 Nf6 2. c4 e6 3. Nf3 b6 4. Bg5 h6 5. Bh4 Bb4+ 6. Nc3 Bb7 7. e3 c5 8. Bd3
cxd4 9. exd4 Bxc3+ 10. bxc3 d6 11. O-O Nbd7 12. Re1 O-O 13. a4 a5 14. Rb1 Qc7
15. Nd2 Rab8 16. Re3 Rfe8 17. Bg3 Ra8 18. h3 Qc6 19. Bf1 Ba6 20. Qb3 Rec8 21.
Rf3 d5 22. cxd5 exd5 23. Bb5 Bxb5 24. axb5 Qe6 25. Re3 Qf5 26. Qa4 Re8 27. Rbe1
Rxe3 28. Rxe3 Re8 29. Rxe8+ Nxe8 30. Qb3 Nef6 31. c4 Qg5 32. Qb2 a4 33. Nf3 Qf5
34. c5 Qd3 35. c6 a3 36. Qa2 Nf8 37. c7 Qc3 38. Qxa3 Qxa3 39. c8=Q Ne4 40. Qc6
Qb3 41. Qxb6 Nc3 42. Bd6 Nxb5 43. Bxf8 Kxf8 44. Qd8# 1-0

[Event "XXI Festival A"]
[Site "Porto San Giorgio ITA"]
[Date "2009.08.27"]
[Round "7"]
[White "Piantoni, Roberto"]
[Black "Voiska, Margarita"]
[Result "0-1"]
[WhiteElo "2111"]
[BlackElo "2332"]
[PlyCount "96"]
[EventDate "2009.08.21"]

1. d4 g6 2. e4 Bg7 3. c3 d6 4. Nf3 Nc6 5. h3 e5 6. dxe5 dxe5 7. Qxd8+ Nxd8 8.
Na3 a6 9. Nc4 Nc6 10. Ne3 Nge7 11. Nd5 Nxd5 12. exd5 Ne7 13. Bc4 b5 14. Bb3 Bb7
15. O-O f6 16. a4 Nxd5 17. axb5 axb5 18. Rxa8+ Bxa8 19. Rd1 c6 20. Ne1 Ke7 21.
Nc2 Rd8 22. Ne3 Nf4 23. Rxd8 Kxd8 24. Kf1 Nd3 25. Bd2 Nxb2 26. Bg8 h6 27. Bh7
g5 28. Be4 Na4 29. c4 bxc4 30. Nxc4 Bf8 31. Ba5+ Ke8 32. Bg6+ Ke7 33. Bc2 Nc5
34. Ne3 Bb7 35. Bb4 Kf7 36. Nf5 Ba6+ 37. Kg1 Ne6 38. Bxf8 Kxf8 39. Nxh6 Nd4 40.
Bb1 Bc8 41. Ba2 Ne2+ 42. Kf1 Nc3 43. Bc4 Nd5 44. Ng4 Bxg4 45. hxg4 Ke7 46. Ke2
Kd6 47. g3 Kc5 48. Kd3 e4+ 0-1

[Event "XXI Festival A"]
[Site "Porto San Giorgio ITA"]
[Date "2009.08.27"]
[Round "7"]
[White "Piva, Giorgio"]
[Black "Aleksic, Nenad"]
[Result "0-1"]
[WhiteElo "2159"]
[BlackElo "2367"]
[PlyCount "58"]
[EventDate "2009.08.21"]

1. d4 b6 2. Bf4 Ba6 3. Nd2 Nf6 4. Ngf3 e6 5. h3 Be7 6. c4 O-O 7. e3 c5 8. Be2
Nc6 9. Rc1 cxd4 10. exd4 d5 11. Qa4 Bb7 12. c5 bxc5 13. dxc5 Nd7 14. b4 a6 15.
Nb3 e5 16. Bd2 Bf6 17. Na5 Qc7 18. O-O e4 19. Nh2 Nd4 20. Bd1 Ne5 21. Ng4 Nxg4
22. Bxg4 Bc8 23. Qd1 Bxg4 24. hxg4 Ne6 25. Nb3 Be5 26. Qe2 f5 27. f3 Bh2+ 28.
Kh1 Bg3 29. gxf5 Qe7 0-1

[Event "XXI Festival A"]
[Site "Porto San Giorgio ITA"]
[Date "2009.08.27"]
[Round "7"]
[White "Rizzo, Giovanbattista"]
[Black "Farago, Ivan"]
[Result "0-1"]
[WhiteElo "2108"]
[BlackElo "2511"]
[PlyCount "52"]
[EventDate "2009.08.21"]

1. d4 Nf6 2. c4 e6 3. Nc3 Bb4 4. e3 O-O 5. a3 Bxc3+ 6. bxc3 c5 7. Bd3 b6 8. e4
Ne8 9. Ne2 Bb7 10. O-O Nc6 11. f4 f5 12. e5 Na5 13. Be3 Rc8 14. d5 d6 15. Ng3
g6 16. Be2 dxe5 17. fxe5 exd5 18. Bh6 Ng7 19. cxd5 Qxd5 20. Qxd5+ Bxd5 21. Rad1
Bc6 22. Bf3 Rfe8 23. Rfe1 Ne6 24. Rd6 Bxf3 25. gxf3 Rcd8 26. Red1 Nc4 0-1

[Event "XXI Festival A"]
[Site "Porto San Giorgio ITA"]
[Date "2009.08.27"]
[Round "7"]
[White "Ruggeri, Pietro"]
[Black "Calzetta Ruiz, Monica"]
[Result "0-1"]
[WhiteElo "2097"]
[BlackElo "2344"]
[PlyCount "64"]
[EventDate "2009.08.21"]

1. e4 c5 2. c4 g6 3. Nf3 Nc6 4. d4 cxd4 5. Nxd4 Nf6 6. Nc3 d6 7. Be2 Nxd4 8.
Qxd4 Bg7 9. Be3 O-O 10. Qd2 a5 11. f3 a4 12. Rc1 Qa5 13. Nb5 Nd7 14. Qxa5 Rxa5
15. Rc2 Nc5 16. Nc7 f5 17. Nd5 Rf7 18. Bxc5 Rxc5 19. Nb6 Be6 20. Nxa4 Rc6 21.
Bd3 fxe4 22. Bxe4 Rxc4 23. Rxc4 Bxc4 24. b3 d5 25. bxc4 dxe4 26. fxe4 Rf4 27.
Nc5 b6 28. g3 Rg4 29. h3 Rxg3 30. Nd7 Rc3 31. Rh2 Rc1+ 32. Kf2 Rd1 0-1

[Event "XXI Festival A"]
[Site "Porto San Giorgio ITA"]
[Date "2009.08.27"]
[Round "7"]
[White "Suppa, Ercole"]
[Black "Parpinel, Marco"]
[Result "0-1"]
[WhiteElo "2100"]
[BlackElo "2165"]
[PlyCount "66"]
[EventDate "2009.08.21"]

1. d4 Nf6 2. Nc3 d5 3. Bg5 c6 4. Qd3 Qa5 5. Bd2 Qc7 6. e4 dxe4 7. Nxe4 Nbd7 8.
O-O-O Nxe4 9. Qxe4 Nf6 10. Qf4 Qxf4 11. Bxf4 Bg4 12. Ne2 e6 13. f3 Bf5 14. c4
h5 15. Ng3 Bh7 16. h4 O-O-O 17. Bg5 Bd6 18. Ne2 Rd7 19. Nc3 Rhd8 20. Be3 Kb8
21. Bd3 Bxd3 22. Rxd3 Be7 23. Rdd1 b6 24. Bf2 Kb7 25. Rhe1 a6 26. a4 Bb4 27.
Kc2 Ne8 28. d5 cxd5 29. cxd5 exd5 30. Bd4 Nc7 31. Re5 g6 32. Rde1 Ne6 33. Kb3
Nxd4+ 0-1

[Event "XXI Festival A"]
[Site "Porto San Giorgio ITA"]
[Date "2009.08.27"]
[Round "7"]
[White "Trent, Lawrence"]
[Black "Jones, Gawain C.B."]
[Result "1-0"]
[WhiteElo "2471"]
[BlackElo "2554"]
[PlyCount "135"]
[EventDate "2009.08.21"]

1. d4 Nf6 2. c4 g6 3. Nc3 Bg7 4. e4 d6 5. f4 O-O 6. Nf3 Na6 7. Bd3 e5 8. fxe5
dxe5 9. d5 Ne8 10. O-O c5 11. Nb5 Nac7 12. a4 a5 13. Qe1 f6 14. Ra3 Nd6 15. Qh4
Nf7 16. Bb1 Ne8 17. g4 Ned6 18. Rc3 Bd7 19. Kh1 Qe7 20. Rg1 Rae8 21. Nc7 Rc8
22. Nb5 Rce8 23. Nc7 Rd8 24. Nb5 Bc8 25. b3 Rde8 26. Na7 Bd7 27. Nb5 Nxb5 28.
cxb5 b6 29. Nd2 Qd8 30. Nc4 Bc8 31. Rh3 h5 32. gxh5 g5 33. Qg3 Qd7 34. Rh4 Nh6
35. Nxb6 Qf7 36. Nxc8 Rxc8 37. Qd3 Qd7 38. Rh3 c4 39. bxc4 Rxc4 40. Qxc4 Qxh3
41. Qe2 Nf7 42. Bd2 Qa3 43. Qd1 Rc8 44. Qg4 Rc4 45. b6 Nd6 46. h6 Bxh6 47. Qe6+
Kg7 48. Rf1 Qb2 49. Qxf6+ Kh7 50. Qe7+ Bg7 51. Qxg5 Qxb6 52. Rg1 Rc7 53. Qh5+
Kg8 54. Bh6 Qa7 55. Qg4 Re7 56. Bd3 Ne8 57. Bb5 Qb6 58. Qh3 Nf6 59. Qc8+ Kh7
60. Qf5+ Kg8 61. Qc8+ Kh7 62. Qf5+ Kg8 63. Bc4 Qd6 64. Rg6 Qb4 65. d6+ Qxc4 66.
dxe7 Kf7 67. Rxg7+ Ke8 68. Qg6+ 1-0

[Event "XXI Festival A"]
[Site "Porto San Giorgio ITA"]
[Date "2009.08.27"]
[Round "7"]
[White "Vezzani, Stefano"]
[Black "Rinaudo, Andrea"]
[Result "1/2-1/2"]
[WhiteElo "2170"]
[BlackElo "2101"]
[PlyCount "32"]
[EventDate "2009.08.21"]

1. d4 Nf6 2. Nc3 d5 3. Bg5 e6 4. Nf3 Nbd7 5. e4 dxe4 6. Nxe4 h6 7. Nxf6+ Nxf6
8. Bh4 Be7 9. Bd3 O-O 10. O-O b6 11. Qe2 Bb7 12. Rad1 Qd5 13. Ba6 Bc6 14. Bc4
Qe4 15. Qxe4 Bxe4 16. Be2 Bxc2 1/2-1/2

[Event "XXI Festival A"]
[Site "Porto San Giorgio ITA"]
[Date "2009.08.28"]
[Round "8"]
[White "Allegranti, Luca"]
[Black "Bozzali, Ermanno"]
[Result "0-1"]
[WhiteElo "2030"]
[BlackElo "2080"]
[PlyCount "70"]
[EventDate "2009.08.21"]

1. d4 e6 2. e3 f5 3. Bd3 Nf6 4. Nd2 d5 5. Qe2 Bd6 6. f4 O-O 7. Ngf3 c5 8. c3
Bd7 9. Ne5 Be8 10. O-O Bh5 11. Qe1 cxd4 12. exd4 Ne4 13. Ndf3 Nd7 14. Nxd7 Qxd7
15. Ne5 Qe7 16. Be3 Kh8 17. Rc1 Rac8 18. Rc2 a6 19. Bf2 Be8 20. Bh4 g5 21. Bxe4
gxh4 22. Bf3 Bb5 23. Rff2 Qg7 24. Be2 Bxe5 25. Bxb5 Bxd4 26. cxd4 Rxc2 27. Rxc2
Qxd4+ 28. Kh1 axb5 29. Re2 Qxf4 30. Rxe6 d4 31. Kg1 h3 32. g3 Qf3 33. Qf1 Qd5
34. Re7 d3 35. Qxh3 Qc5+ 0-1

[Event "XXI Festival A"]
[Site "Porto San Giorgio ITA"]
[Date "2009.08.28"]
[Round "8"]
[White "Altini, Daniele"]
[Black "Castaldo, Folco"]
[Result "0-1"]
[WhiteElo "2236"]
[BlackElo "2401"]
[PlyCount "84"]
[EventDate "2009.08.21"]

1. d4 f5 2. Bf4 Nf6 3. e3 e6 4. Nf3 Nc6 5. Bd3 d6 6. Nc3 h6 7. h4 g6 8. e4 Bg7
9. Qd2 Nb4 10. O-O-O Nxd3+ 11. Qxd3 O-O 12. exf5 exf5 13. Rde1 c6 14. d5 c5 15.
Nd2 b5 16. Qxb5 Nh5 17. Bh2 f4 18. Nde4 Bf5 19. Qa6 Be5 20. Qe2 Rb8 21. g4 fxg3
22. fxg3 Bxe4 23. Qxe4 Qf6 24. Rhf1 Qxf1 25. Qxg6+ Ng7 26. Rxf1 Rxf1+ 27. Nd1
Bxb2+ 28. Kd2 Be5 29. Qe4 Rb1 30. Nc3 Rf2+ 31. Ke3 Rbf1 32. Bg1 Nf5+ 33. Kd3
Rf3+ 34. Kc4 Rxc3+ 35. Kb5 Ne7 36. Qg4+ Kf8 37. Bxc5 Rxc5+ 38. Ka6 Rb1 39. Qf3+
Ke8 40. Qa3 Rb6+ 41. Kxa7 Nc8+ 42. Ka8 Rcb5 0-1

[Event "XXI Festival A"]
[Site "Porto San Giorgio ITA"]
[Date "2009.08.28"]
[Round "8"]
[White "Borgiani, Flavio"]
[Black "Parrini, Daniele"]
[Result "1-0"]
[WhiteElo "2185"]
[BlackElo "2036"]
[PlyCount "133"]
[EventDate "2009.08.21"]

1. d4 Nf6 2. Nc3 g6 3. e4 d6 4. Nf3 Bg7 5. Be2 O-O 6. O-O Bg4 7. Be3 Nc6 8. h3
Bxf3 9. Bxf3 e5 10. d5 Nd4 11. Bxd4 exd4 12. Qxd4 Re8 13. Qd2 Nd7 14. g3 Ne5
15. Be2 Qf6 16. Kg2 a6 17. a4 Nd7 18. Ra3 Nc5 19. f3 h5 20. b4 Nd7 21. f4 Qd4
22. Qxd4 Bxd4 23. Bd3 Re7 24. Kf3 Rae8 25. Nb1 h4 26. gxh4 Nf6 27. Nd2 Nh5 28.
a5 f5 29. Rb3 Nf6 30. Re1 Nxd5 31. Bc4 fxe4+ 32. Rxe4 Rxe4 33. Nxe4 c6 34. Rd3
Bg7 35. Bxd5+ cxd5 36. Rxd5 Rc8 37. Rxd6 Rxc2 38. Rd8+ Bf8 39. Nc5 Kf7 40. Rd7+
Ke8 41. Rxb7 Bxc5 42. bxc5 Rxc5 43. Rb6 Rxa5 44. Rxg6 Kf7 45. Rg5 Ra3+ 46. Kg4
Ra1 47. h5 a5 48. Rb5 a4 49. Ra5 Kf6 50. Ra6+ Kg7 51. Kg5 Rg1+ 52. Kf5 Ra1 53.
Ra7+ Kh6 54. Kf6 a3 55. f5 Ra2 56. Ra8 Kh7 57. Kf7 Rf2 58. f6 a2 59. h4 Rb2 60.
h6 Rg2 61. Ke6 Re2+ 62. Kf5 Rf2+ 63. Kg5 Rg2+ 64. Kh5 Rf2 65. Ra7+ Kg8 66. h7+
Kh8 67. Kg6 1-0

[Event "XXI Festival A"]
[Site "Porto San Giorgio ITA"]
[Date "2009.08.28"]
[Round "8"]
[White "Calavalle, Giulio"]
[Black "Kohlweyer, Bernd"]
[Result "1/2-1/2"]
[WhiteElo "2228"]
[BlackElo "2418"]
[PlyCount "105"]
[EventDate "2009.08.21"]

1. e4 c5 2. Nc3 Nc6 3. f4 g6 4. Bc4 Bg7 5. Nge2 e6 6. Ng3 Nge7 7. d3 d5 8. Bb5
O-O 9. Bxc6 Nxc6 10. O-O f5 11. e5 a6 12. Nce2 d4 13. Kh1 Rf7 14. Ng1 Bf8 15.
Nf3 Be7 16. Ne2 b6 17. Bd2 Rg7 18. Qe1 Bb7 19. Qg3 Qd5 20. b3 Kh8 21. Kg1 h6
22. h4 Rag8 23. Kf2 a5 24. a4 Nd8 25. Rh1 Nf7 26. Neg1 Rh7 27. Nh3 Rgg7 28. Ke2
Kg8 29. Rag1 Kf8 30. Qf2 Rh8 31. Bc1 Rhg8 32. Kd1 Qd8 33. Bd2 Qd5 34. Re1 Ke8
35. Rhg1 Qd8 36. Ref1 Qa8 37. Nh2 b5 38. axb5 a4 39. bxa4 Qxa4 40. Ke2 Qxc2 41.
Ra1 Qb3 42. Rgb1 Qd5 43. Nf3 g5 44. hxg5 hxg5 45. fxg5 Nxe5 46. Nf4 Qd6 47.
Nxe5 Qxe5+ 48. Kf1 Qd6 49. Ra7 Bxg5 50. Nxe6 Bxd2 51. Nxg7+ Rxg7 52. Rxb7 Rxb7
53. Qxd2 1/2-1/2

[Event "XXI Festival A"]
[Site "Porto San Giorgio ITA"]
[Date "2009.08.28"]
[Round "8"]
[White "Calzetta Ruiz, Monica"]
[Black "Nemeth, Miklos"]
[Result "0-1"]
[WhiteElo "2344"]
[BlackElo "2486"]
[PlyCount "88"]
[EventDate "2009.08.21"]

1. e4 e5 2. Nf3 Nc6 3. Bb5 a6 4. Ba4 Nf6 5. d3 b5 6. Bb3 Be7 7. O-O d6 8. a4 b4
9. a5 O-O 10. Nbd2 Rb8 11. c3 h6 12. Re1 Be6 13. Nc4 bxc3 14. bxc3 Nd7 15. Ba4
Na7 16. Be3 Nb5 17. Qc1 f5 18. exf5 Bxf5 19. d4 e4 20. Nfd2 Nf6 21. Nf1 Kh7 22.
Ng3 Bg6 23. Nd2 d5 24. c4 dxc4 25. Qxc4 Bd6 26. Qc6 Nxd4 27. Qxa6 Nf5 28. Nxf5
Bxf5 29. Bc6 Rb2 30. Nf1 Ng4 31. Qc4 Qh4 32. g3 Qe7 33. Bd4 Rb4 34. Qd5 Rxd4
35. Qxd4 Bc5 36. Rxe4 Bxd4 37. Rxe7 Bxa1 38. h3 Nxf2 39. Ne3 Bd4 40. Nxf5 Rxf5
41. Rd7 Be3 42. Re7 Ne4+ 43. Kh1 Rf1+ 44. Kg2 Rf2+ 0-1

[Event "XXI Festival A"]
[Site "Porto San Giorgio ITA"]
[Date "2009.08.28"]
[Round "8"]
[White "Caprio, Guido"]
[Black "Vezzani, Stefano"]
[Result "0-1"]
[WhiteElo "2212"]
[BlackElo "2170"]
[PlyCount "38"]
[EventDate "2009.08.21"]

1. e4 d6 2. d4 e5 3. Nf3 exd4 4. Nxd4 Nf6 5. Nc3 Be7 6. Bf4 O-O 7. Qd2 c6 8.
O-O-O b5 9. f3 b4 10. Nce2 c5 11. Nf5 Bxf5 12. exf5 d5 13. Bg5 Nbd7 14. Nf4 d4
15. h4 Qa5 16. Bc4 Nb6 17. Qd3 Bd6 18. Qb3 Nfd7 19. Kb1 Ne5 0-1

[Event "XXI Festival A"]
[Site "Porto San Giorgio ITA"]
[Date "2009.08.28"]
[Round "8"]
[White "Di Donatantonio, Franco"]
[Black "Peredy, Ferenc"]
[Result "1/2-1/2"]
[WhiteElo "2143"]
[BlackElo "2277"]
[PlyCount "66"]
[EventDate "2009.08.21"]

1. d3 c5 2. e4 Nc6 3. Nf3 g6 4. Be2 Bg7 5. O-O Nf6 6. c3 d5 7. Qc2 O-O 8. Nbd2
e5 9. Re1 h6 10. Nf1 d4 11. c4 Ne8 12. Ng3 Nd6 13. Bd2 Re8 14. Bd1 f5 15. exf5
gxf5 16. Rb1 e4 17. dxe4 fxe4 18. Bf4 d3 19. Qc1 exf3 20. Rxe8+ Nxe8 21. Bxf3
Be6 22. Bxh6 Qh4 23. Bxg7 Nxg7 24. Be4 Rd8 25. Qc3 d2 26. Rd1 Rd4 27. Bxc6 bxc6
28. b3 Qg5 29. Nf1 Nh5 30. Qe3 Nf4 31. g3 Nh3+ 32. Kg2 Bg4 33. Rxd2 Qf6 1/2-1/2

[Event "XXI Festival A"]
[Site "Porto San Giorgio ITA"]
[Date "2009.08.28"]
[Round "8"]
[White "Epishin, Vladimir V."]
[Black "Jovanic, Ognjen"]
[Result "1/2-1/2"]
[WhiteElo "2592"]
[BlackElo "2541"]
[PlyCount "105"]
[EventDate "2009.08.21"]

1. d4 d5 2. Nf3 Nf6 3. c4 c6 4. Qb3 dxc4 5. Qxc4 Bf5 6. g3 e6 7. Bg2 Be7 8. O-O
Nbd7 9. Bd2 O-O 10. Rd1 a5 11. a4 h6 12. Qc1 Qb6 13. Be1 Bxb1 14. Qxb1 Bb4 15.
e3 Bxe1 16. Nxe1 Rfe8 17. Nc2 e5 18. dxe5 Nxe5 19. b4 axb4 20. Nxb4 Ra5 21. Ra3
Rd8 22. Rxd8+ Qxd8 23. Nd3 Nxd3 24. Rxd3 Qc7 25. Qb4 Re5 26. Rb3 Re7 27. a5 Rd7
28. Bf3 Qe5 29. Kg2 g6 30. a6 bxa6 31. Bxc6 Rd6 32. Bf3 Kg7 33. Ra3 h5 34. Ra5
Qe6 35. Qc3 Kh7 36. Re5 Qd7 37. h3 Re6 38. Ra5 Rd6 39. e4 Rc6 40. Qa1 Qc7 41.
Rxa6 Rxa6 42. Qxa6 Qe5 43. Qb7 Kg7 44. h4 Kg8 45. Qc8+ Kg7 46. Qc6 Kg8 47. Qc1
Nxe4 48. Qe3 f5 49. Qh6 Qf6 50. Bd1 Qg7 51. Bb3+ Kf8 52. Qe3 Qe7 53. Qh6+
1/2-1/2

[Event "XXI Festival A"]
[Site "Porto San Giorgio ITA"]
[Date "2009.08.28"]
[Round "8"]
[White "Fedorchuk, Sergey A."]
[Black "Maiorov, Nikita"]
[Result "1/2-1/2"]
[WhiteElo "2655"]
[BlackElo "2513"]
[PlyCount "68"]
[EventDate "2009.08.21"]

1. e4 e5 2. Nf3 Nc6 3. Bb5 a6 4. Ba4 Nf6 5. O-O Be7 6. Re1 d6 7. c3 Bg4 8. d3
Nd7 9. h3 Bh5 10. Be3 h6 11. Nbd2 Bg5 12. Nf1 Bxe3 13. Rxe3 O-O 14. Ng3 Bg6 15.
d4 b5 16. Bc2 Nb6 17. b3 Qf6 18. Nh2 exd4 19. Ng4 Qg5 20. cxd4 Nb4 21. a3 Nxc2
22. Qxc2 c5 23. dxc5 dxc5 24. Nf5 h5 25. Qxc5 Bxf5 26. exf5 Nd7 27. Qe7 Qxf5
28. Rd1 hxg4 29. Rxd7 Rac8 30. hxg4 Rc1+ 31. Kh2 Qf4+ 32. Rg3 Qh6+ 33. Rh3 Qf4+
34. Rg3 Qh6+ 1/2-1/2

[Event "XXI Festival A"]
[Site "Porto San Giorgio ITA"]
[Date "2009.08.28"]
[Round "8"]
[White "Fierro Baquero, Martha Lorena"]
[Black "Parenti, Davide"]
[Result "1-0"]
[WhiteElo "2394"]
[BlackElo "2037"]
[PlyCount "121"]
[EventDate "2009.08.21"]

1. e4 d5 2. exd5 Nf6 3. Nf3 Nxd5 4. d4 Bg4 5. h3 Bh5 6. Be2 e6 7. Ne5 Bxe2 8.
Qxe2 c6 9. O-O Be7 10. c4 Nb6 11. Be3 O-O 12. Nc3 N8d7 13. Rad1 Qe8 14. Rfe1
Bb4 15. Bd2 Rd8 16. Nd3 Bxc3 17. Bxc3 Nxc4 18. Bb4 Nf6 19. Bxf8 Qxf8 20. Ne5
Nd6 21. Ng4 Nfe8 22. Rd3 Nf5 23. Red1 Nc7 24. Qe5 Nb5 25. Ne3 Ne7 26. Qc5 Nc8
27. a4 Nbd6 28. Rb3 Rd7 29. Rbd3 Ne4 30. Qe5 Nf6 31. Ng4 Nxg4 32. hxg4 Nb6 33.
b3 Qd8 34. Rh3 Rd5 35. Qe4 g6 36. Qf4 Qf8 37. Qh2 Qd6 38. Qxd6 Rxd6 39. a5 Nc8
40. Kf1 Rd7 41. Ke2 Nd6 42. a6 b6 43. Rc3 Nb5 44. Rxc6 Nxd4+ 45. Kf1 e5 46.
Rc8+ Kg7 47. g5 f5 48. Rdc1 Nb5 49. Rb8 Kf7 50. Rb7 Ke7 51. Rc8 Kd6 52. Rxd7+
Kxd7 53. Rh8 Kc6 54. Rxh7 Nc7 55. Rg7 Nxa6 56. Rxg6+ Kd5 57. Rg7 Nc5 58. Rxa7
Nxb3 59. g6 Nd2+ 60. Ke2 Ne4 61. g7 1-0

[Event "XXI Festival A"]
[Site "Porto San Giorgio ITA"]
[Date "2009.08.28"]
[Round "8"]
[White "Jones, Gawain C.B."]
[Black "Malloni, Marcello"]
[Result "1-0"]
[WhiteElo "2554"]
[BlackElo "2271"]
[PlyCount "79"]
[EventDate "2009.08.21"]

1. e4 e5 2. Nf3 Nc6 3. d4 exd4 4. Nxd4 Bb4+ 5. c3 Bc5 6. Be3 Bb6 7. Qg4 Qf6 8.
Qg3 Qg6 9. Nf5 Qxg3 10. hxg3 Bxe3 11. Nxe3 Nf6 12. f3 d6 13. c4 Be6 14. Nc3
O-O-O 15. g4 h6 16. O-O-O Rhe8 17. Be2 Ne5 18. Nb5 a6 19. Nd4 Nc6 20. Ndf5 Bxf5
21. Nxf5 Rg8 22. c5 dxc5 23. Bc4 Rxd1+ 24. Rxd1 Rd8 25. Bxf7 Rxd1+ 26. Kxd1 Nd8
27. Bg6 Ne6 28. e5 Nd5 29. Bf7 Kd7 30. Nxg7 Nef4 31. Nf5 Ne7 32. g3 Nd3 33. f4
Nxb2+ 34. Kc2 Na4 35. Nxh6 b5 36. g5 c4 37. g6 Nc6 38. g7 Nb4+ 39. Kb1 Nc3+ 40.
Ka1 1-0

[Event "XXI Festival A"]
[Site "Porto San Giorgio ITA"]
[Date "2009.08.28"]
[Round "8"]
[White "Kizov, Atanas"]
[Black "Gordon, Stephen J."]
[Result "1/2-1/2"]
[WhiteElo "2397"]
[BlackElo "2537"]
[PlyCount "48"]
[EventDate "2009.08.21"]

1. d4 Nf6 2. c4 e6 3. Nf3 d5 4. g3 Bb4+ 5. Bd2 Be7 6. Bg2 O-O 7. O-O c6 8. Qc2
b6 9. Bf4 Nbd7 10. Rd1 Ba6 11. cxd5 cxd5 12. Nc3 Bb7 13. Ne5 a6 14. Nxd7 Nxd7
15. Rac1 b5 16. a4 b4 17. Na2 Rc8 18. Qb3 a5 19. Rxc8 Bxc8 20. Rc1 Ba6 21. Qd1
Qa8 22. b3 Rc8 23. Rxc8+ Qxc8 24. Qc1 Bd8 1/2-1/2

[Event "XXI Festival A"]
[Site "Porto San Giorgio ITA"]
[Date "2009.08.28"]
[Round "8"]
[White "La Gatta, Giovanni"]
[Black "Roeder, Matthias"]
[Result "0-1"]
[WhiteElo "2157"]
[BlackElo "2438"]
[PlyCount "68"]
[EventDate "2009.08.21"]

1. d4 Nf6 2. c4 e6 3. Nc3 Bb4 4. e3 O-O 5. Bd3 d5 6. Nge2 dxc4 7. Bxc4 e5 8.
O-O exd4 9. exd4 Nbd7 10. Bg5 Be7 11. Qd3 a6 12. a3 b5 13. Ba2 Nc5 14. Qc2 Ne6
15. Be3 Bb7 16. Rad1 Nd5 17. Nxd5 Bxd5 18. Bb1 g6 19. Nc3 Bf6 20. Rfe1 Re8 21.
Qd2 Bb3 22. Rc1 Bxd4 23. Ne4 Bg7 24. Qb4 Bc4 25. Red1 a5 26. Qe1 Qh4 27. g3 Qg4
28. Bh6 Bh8 29. Qd2 Rad8 30. Qe1 Nd4 31. Qe3 Nf5 32. Rxd8 Rxd8 33. Qc5 Rd1+ 34.
Rxd1 Qxd1+ 0-1

[Event "XXI Festival A"]
[Site "Porto San Giorgio ITA"]
[Date "2009.08.28"]
[Round "8"]
[White "Liguori, Renato"]
[Black "Cerquitella, Luca"]
[Result "0-1"]
[WhiteElo "2107"]
[BlackElo "2261"]
[PlyCount "52"]
[EventDate "2009.08.21"]

1. d4 Nf6 2. c4 c5 3. e3 e6 4. Nc3 cxd4 5. exd4 d5 6. b3 Bb4 7. Bb2 Qa5 8. Qd3
O-O 9. a3 dxc4 10. axb4 Qxa1+ 11. Bxa1 cxd3 12. Bxd3 Nc6 13. Na2 Nd5 14. b5
Ncb4 15. Nxb4 Nxb4 16. Bb1 Bd7 17. Nf3 Bxb5 18. Kd2 Rac8 19. Re1 Rc7 20. Ng5 h6
21. Nh3 Rfc8 22. Re5 Bf1 23. Be4 f5 24. d5 fxe4 25. d6 Rc2+ 26. Ke3 Re2+ 0-1

[Event "XXI Festival A"]
[Site "Porto San Giorgio ITA"]
[Date "2009.08.28"]
[Round "8"]
[White "Mrdja, Milan"]
[Black "Lantini, Marco"]
[Result "0-1"]
[WhiteElo "2418"]
[BlackElo "2194"]
[PlyCount "76"]
[EventDate "2009.08.21"]

1. e4 c5 2. Nf3 e6 3. d4 cxd4 4. Nxd4 a6 5. c4 Nf6 6. Nc3 Qc7 7. a3 d6 8. Be3
b6 9. Be2 Be7 10. O-O Bb7 11. f3 O-O 12. Rc1 Nbd7 13. g4 h6 14. Rf2 Nh7 15. Bf1
Rac8 16. Rfc2 Qb8 17. Qe2 Rfe8 18. f4 Bd8 19. Bg2 Bc7 20. b4 Nhf8 21. Rf1 Qa8
22. Nb3 Bd8 23. h3 Bf6 24. Qd3 Red8 25. Rd1 Ng6 26. Ne2 Nc5 27. bxc5 dxc5 28.
Nbd4 cxd4 29. Bf2 e5 30. f5 Nf8 31. Ng3 Nd7 32. Rb1 Nc5 33. Qf3 Rd6 34. Rcb2
Bh4 35. Rxb6 Rxb6 36. Rxb6 Bxg3 37. Qxg3 Bxe4 38. Bf1 f6 0-1